| 000 | 00504cam a2200181 i 4500 | ||
|---|---|---|---|
| 020 | _a0918334209 | ||
| 040 | _cDLC | ||
| 082 | 0 | 0 | _a346 WAT 1977 A013 Or. |
| 245 | 0 | 0 | _aManagement and law for water resources / |
| 260 |
_aFort Collins, Colo. : _bWater Resources Publications, _c1977. |
||
| 300 |
_axviii, 372 : _bill. ; _c24 cm. |
||
| 500 | _aIncludes indexes. | ||
| 650 | 0 | _aWater | |
| 650 | 0 | _aWater-supply. | |
| 650 | 0 | _aWater resources development. | |
| 700 | 1 | _aCunha, L. Veiga da. | |
| 942 | _cEK | ||
| 999 |
_c13244 _d13244 |
||